Statistiques concernant Quiz Harry Potter Voldemort

Cliquez ici pour prendre le quiz!

Statistiques générales

  • Ce quiz a été pris 248 fois
  • Le résultat moyen est 6 sur 13

Statistiques - réponses

IndicesRéponses% Correct
Nom complet de voldemortTom Elvis Jedusor
99%
Nom de la personne qu'il a tué pour faire HarryLily Potter
77%
Age où il tue son père et ses grands parents16
61%
Nom de son ancêtre célèbreSalazar Serpentard
60%
Qui a récupéré sa baguette après la nuit du 31/10/1981 pour la lui rendre plus tard ?Peter Pettigrow
53%
Nom de son oncleMorfin Gaunt
48%
Nom de la personne qu'il a tué pour faire le journalMimi geignarde
41%
Prénom de son ancêtre peverellCadmus
34%
Année où il ouvre la chambre des secrets1942
33%
Nom de la personne qu'il a tué pour faire la coupeHepzibah Smith
32%
Nom de la personne qu'il a tué pour faire NaginiBertha jorkins
18%
Nom de la personne qu'il a tué pour faire la bagueTom Jedusor Senior
13%
Nom de son professeur de défences contre les forces du malGalatea Têtenjoy
11%

Distribution des résultats

Percentile par nombre de réponses

% des personnes avec chaque résultat

Votre développement - résultats

Vous n’avez pas pris ce quiz